000 01128cab a2200265 4500
001 l130344
008 050718n2005 000 0 eng u
035 _a(Sirsi) u130344
041 _aent
100 _aSheridan, Peter
245 _aConstruction Act review
260 _c2005
490 _aConstruction Law Journal
_v21(4) 306-320(15)
520 _aA discussion of the DTI's consultation on proposals to amend the Construction Act and the Scheme for Construction Contracts, "Improving payment practices in the construction industry".
590 _aIKA190705
650 _aHOUSING GRANTS, CONSTRUCTION AND REGENERATION ACT 1996 S110
650 _aHOUSING GRANTS, CONSTRUCTION AND REGENERATION ACT 1996 S107
650 _aLATHAM REFORMS
650 _aHOUSING GRANTS, CONSTRUCTION AND REGENERATION ACT 1996 S111
650 _aLATE PAYMENT OF COMMERCIAL DEBTS (INTEREST) ACT 1998
650 _aARBITRATION ACT 1996 S29
690 _aMANAGEMENT-DISPUTE AVOIDANCE, MANAGEMENT AND RESOLUTION-DISPUTE MANAGEMENT AND RESOLUTION-ALTERNATIVE DISPUTE RESOLUTION-ADJUDICATION
700 _aHelps, Dominic
942 _n0
999 _c75570
_d75570